| 000 -LEADER |
| fixed length control field |
00846nam a22001817a 4500 |
| 001 - CONTROL NUMBER |
| control field |
9416 |
| 003 - CONTROL NUMBER IDENTIFIER |
| control field |
BD-DhUAP |
| 005 - DATE AND TIME OF LATEST TRANSACTION |
| control field |
20210128093907.0 |
| 008 - FIXED-LENGTH DATA ELEMENTS--GENERAL INFORMATION |
| fixed length control field |
200219b2005 ||||| |||| 001 0|ben d |
| 020 ## - INTERNATIONAL STANDARD BOOK NUMBER |
| International Standard Book Number |
9843212061 |
| 040 ## - CATALOGING SOURCE |
| Original cataloging agency |
BD-DhUAP |
| Language of cataloging |
Bng |
| Transcribing agency |
BD-DhUAP |
| Modifying agency |
BD-DhUAP |
| 082 ## - DEWEY DECIMAL CLASSIFICATION NUMBER |
| Edition number |
23 |
| Classification number |
382.095492 BIS |
| 245 ## - TITLE STATEMENT |
| Title |
বিশ্ব বাণিজ্য সংস্থা এবং বাংলাদেশ : |
| Remainder of title |
কানকুন সম্মেলেন-উত্তর মূল্যায়ন / |
| Statement of responsibility, etc. |
রেহমান সোবহান ... [এবং অন্যান্য]। |
| 260 ## - PUBLICATION, DISTRIBUTION, ETC. |
| Place of publication, distribution, etc. |
ঢাকা : |
| Name of publisher, distributor, etc. |
সেন্টার ফর পলিসি ডায়ালগ, |
| Date of publication, distribution, etc. |
c২০০৫। |
| 300 ## - PHYSICAL DESCRIPTION |
| Extent |
২১১ পৃষ্ঠা ; |
| Dimensions |
২২ সেমি.। |
| 650 ## - SUBJECT ADDED ENTRY--TOPICAL TERM |
| Topical term or geographic name entry element |
World Trade Organization |
| Form subdivision |
History |
| Geographic subdivision |
Bangladesh. |
| 942 ## - ADDED ENTRY ELEMENTS (KOHA) |
| Source of classification or shelving scheme |
|
| Koha item type |
Book |